00662nam a2200217 a 4500001001300000003000900013005001700022008004100039020002300080082001500103100001400118245006400132260003100196300000900227500003500236650001300271902000800284942000700292952012800299999001700427nice12345678IN_TiNIC20260116014513.0090324s2006 dela grp 000 0 eng  a818911011X c35000a305.4bUSH aUsha, V T aFiguring the Femaleb Women"s Discourse, Art and Literature aDelhi bWomen Press c2006 a139p aincludes index and biblioraphy aFeminism bSRS cBK 001040708StackRoom-aHMIbHMId2009-03-24g350.00l1o305.4 USHp022703r2019-05-23s2019-04-22v350.00w2009-03-24yBK c15667d15667